000 00758nam a2200253Ia 4500
003 OSt
005 20221006142925.0
006 a|||||r|||| 00| 0
007 ta
008 221006b |||||||| |||| 00| 0 eng d
020 _cP9.00
024 _a7,552
037 _cTextual
040 _aEASL
_cEASL
_beng
041 _2eng
_aeng
082 _aV42:5940bMV45.N7, L3
100 _aAUER James E
_9648747
245 0 _aPostwar rearmament of Japanese maritime forces 1945-71
260 _aNew York
_bPrarger Publishers
_c1973
300 _a345p.
_ccm.
490 _v JEL
_aPraeger Special studies in international politics and government
942 _hV42:5940bMV45.N7, L3
_cTEXL
_2CC
999 _c1075638
_d1075638